000 00380nam a22001577a 4500
003 MPLRDC
005 20220104145618.0
008 210129b ||||| |||| 00| 0 eng d
082 _a813 ZJA
100 _a张静安编著
245 _a新文艺知识辞典
_c
260 _a
_b香港教育书店
_c1960
300 _b
650 _a世界文学总集
942 _cBK
_o813 ZJA
999 _c51419
_d51409